| 000 | 00817nam a2200265Ia 4500 | ||
|---|---|---|---|
| 001 | Z_4712 | ||
| 003 | CHAP | ||
| 008 | 220113s2=00 xx 000 0 und d | ||
| 010 | _a167760 | ||
| 040 | _cCHAP | ||
| 090 | _aTesis D 1684 | ||
| 100 |
_aDíaz Hernández, Mario _933505 |
||
| 245 |
_aIndicaciones preliminares y el establecimiento de un módulo de producción de leche orgánica (MPLO) / _cpor Mario Díaz Hernández |
||
| 260 |
_aChapingo, Méx. : _bEl autor, _c2002 |
||
| 502 | _aTesis (Ing. Agr. Esp. en Zootecnia) -- UACH. Departamento de Zootecnia | ||
| 650 |
_aGanado lechero _xPastoreo _945284 |
||
| 650 |
_aLeche _xProducción _965400 |
||
| 650 |
_aPraderas _xMéxico (Edo.) _991246 |
||
| 901 | _aTESIS D 1684 | ||
| 902 | _aM | ||
| 910 | _a2=00 | ||
| 942 | _c2 | ||
| 942 | _c2 | ||
| 999 |
_c167760 _d167760 |
||